Wird geladen...

Psychological Disorders Of Young Children

Bibliographische Detailangaben
1. Verfasser: Diutta Ray,S
Format: Printed Book
Sprache:Undetermined
Veröffentlicht: New Delhi: Stering Publishers Pvt.Ltd, 1980
Schlagworte:
LEADER 00549nam a2200157Ia 4500
008 200110s9999||||xx |||||||||||||| ||und||
080 |a 305.231  |b DUT-P 
100 |a Diutta Ray,S.  
245 0 |a Psychological Disorders Of Young Children 
260 |a New Delhi:  |b Stering Publishers Pvt.Ltd,   |c 1980 
300 |a 258 p.  |f HB 
500 |a General 
650 |a Psychological Disorders Of Young Children  
942 |c BK 
999 |c 254802  |d 254802 
952 |0 0  |1 0  |4 0  |6 305_231000000000000_DUTP  |7 0  |9 270727  |a SOC  |b SOC  |l 0  |o 305.231 DUT-P  |p SOC4490  |r 2020-01-14  |w 2020-01-14  |y BK